Tajomná chvíľa - žena počne dieťa

Bibliographic Details
Main Author: Clinda, Michal (Author)
Format: Article
Language:Slovak
Subjects:

MARC

LEADER 00000nab a2200000 a 4500
001 vtls000072258
003 SK-MaSNL
005 20260303222421.0
008 240424c1980 xo 0 slo
015 |a SNBRB19rr/mm-uuuuu 
035 |a CL0082359 
040 |a SNKBUCL  |b slo  |c SNKBUCL  |e AACR2 
041 0 |a slo 
044 |a xo  |c SK 
080 |a 885.4-1  |2 1981 
100 1 |a Clinda, Michal  |4 aut  |9 1009129 
245 1 0 |a Tajomná chvíľa - žena počne dieťa  |c Michal Clinda 
655 7 |a slovenská poézia  |2 snkbucl  |9 70444 
655 7 |a lyrická poézia  |2 snkbucl  |9 70613 
655 7 |a články z novín a časopisov  |2 snkbucl  |9 267496 
655 7 |a články z odboru literárna veda a krásna literatúra  |2 snkbucl  |9 770045 
773 0 |t Nová cesta  |g Roč. 2, č. 11 (1980), s. 17 
850 |a Slovenská národná knižnica 
852 |a Slovenská národná knižnica 
958 |a RK 
958 |a LX 
992 |a RBX 
999 |c 2240367  |d 2242297